000 00652nam a2200241 i 4500
001 C2-0203576
003 PPAK
005 20180728101101.0
008 990223s1997 my a|||| ||||| | may d
020 _a983941304X
040 _aPPAK
_beng
_cPPAK
_erda
082 0 4 _a612.6
_2 23
090 0 0 _a612.6
_bMER
_dRK
100 1 _aMeredith, Susan,
_eauthor
245 1 0 _aDari mana asal bayi?
264 1 _aJohor Bahru, Johor :
_bElmira ,
_c1997
300 _a24 pages :
_bcolour illustrations ;
_c19 cm
336 _2rdacontent
_atext
337 _2rdamedia
_aunmediated
338 _2rdacarrier
_avolume
650 1 0 _aReproduction
942 _ddc
_cB
999 _c157314
_d157314